| 000 | 01195cam a22003374i 4500 | ||
|---|---|---|---|
| 001 | 17926030 | ||
| 005 | 20230530091255.0 | ||
| 008 | 131101s2014 nyua b 001 0 eng | ||
| 010 | _a 2013043778 | ||
| 020 | _a9780415833981 (hardback) | ||
| 020 | _a9780415833998 (paperback) | ||
| 020 | _a9780203796092 (ebook) | ||
| 040 |
_aDLC _beng _cDLC _erda _dDLC |
||
| 042 | _apcc | ||
| 050 | 0 | 0 | _aG 155 .A1H343 2014 |
| 084 |
_aSOC015000 _aSPO000000 _aTRV000000 _2bisacsh |
||
| 100 | 1 |
_aHall, Colin Michael, _d1961- |
|
| 245 | 1 | 4 |
_aThe geography of tourism and recreation : _benvironment, place and space / _cC. Michael Hall, Stephen J. Page. |
| 250 | _aFouth edition. | ||
| 260 |
_aNew York, NY: _bRoutledge, _c2014 |
||
| 300 |
_axii, 458 pages : _billustrations ; _c25 cm. |
||
| 504 | _aIncludes bibliographical references (p. 361-448) and index. | ||
| 650 | 0 | _aTourism. | |
| 650 | 0 | _aRecreation. | |
| 650 | 0 | _aRecreation areas. | |
| 650 | 7 |
_aSOCIAL SCIENCE / Human Geography. _2bisacsh |
|
| 650 | 7 |
_aSPORTS & RECREATION / General. _2bisacsh |
|
| 650 | 7 |
_aTRAVEL / General. _2bisacsh |
|
| 700 | 1 |
_aPage, Stephen, _d1963- |
|
| 942 |
_2lcc _cBOOKS _hG 155 .A1H343 2014 |
||
| 999 |
_c31558 _d31558 |
||